[Event "DRUZYNOWE MISTRZOSTWA POLSKI JUNIOROW - I LIGA 2022"]
[Site "Lublin"]
[Date "1899-12-30"]
[Round "1.1"]
[White "Suder, Jakub"]
[Black "Madej, Marek"]
[Result "1-0"]
[WhiteTitle "FM"]
[BlackTitle "I+"]
[WhiteElo "2306"]
[BlackElo "1995"]

1. c4 Nf6 2. Nc3 g6 3. e4 d6 4. d4 Bg7 5. Nf3 O-O 6. Be2 Na6 7. O-O e5 8. Be3 Ng4
9. Bg5 Qe8 10. h3 h6 11. Bc1 exd4 12. Nxd4 Nf6 13. Bf3 Nc5 14. Re1 Be6 15. e5
dxe5 16. Rxe5 Nfd7 17. Re1 Ne5 18. Nxe6 Nxe6 19. Bd5 Rd8 20. Bxh6 Bxh6 21. Rxe5
Bg7 22. Re1 Bxc3 23. bxc3 b6 24. Qg4 Rd6 25. Rad1 f5 26. Qg3 Rf6 27. Re2 Kg7 28.
Rde1 Qd7 29. Bxe6 Rfxe6 30. Rxe6 Rxe6 31. Rxe6 Qxe6 32. Qxc7+ Kh6 33. Qf4+ Kh7
34. Qc7+ Kh6 35. Kh2 Qe4 36. c5 bxc5 37. Qxc5 Qc2 38. Qxa7 f4 39. Qd4 Qf5 40.
Qh8+ Kg5 41. h4+ 1-0

[Event "DRUZYNOWE MISTRZOSTWA POLSKI JUNIOROW - I LIGA 2022"]
[Site "Lublin"]
[Date "1899-12-30"]
[Round "1.2"]
[White "Nowak, Filip"]
[Black "Dziewonski, Dariusz"]
[Result "0-1"]
[WhiteTitle "I"]
[BlackTitle "I++"]
[WhiteElo "1957"]
[BlackElo "2015"]

1. e4 e5 2. Nf3 Nc6 3. Bb5 a6 4. Ba4 Nf6 5. O-O b5 6. Bb3 Bc5 7. Re1 d6 8. h3 Na5
9. d4 exd4 10. Nxd4 Bxd4 11. Bd5 c6 12. Qxd4 cxd5 13. exd5+ Kf8 14. Bg5 h6 15.
Bh4 Bf5 16. Nd2 Rc8 17. Re3 Nc4 18. Rf3 Nxd2 19. Rxf5 Nde4 20. Re1 Qd7 21. Rf3
Rc4 22. Qb6 g5 23. Bg3 Kg7 24. h4 Re8 25. Rd1 Rxc2 26. hxg5 hxg5 27. Qxa6 g4 28.
Re3 Nxg3 29. Rxg3 Qf5 30. Rf1 Ree2 0-1

[Event "DRUZYNOWE MISTRZOSTWA POLSKI JUNIOROW - I LIGA 2022"]
[Site "Lublin"]
[Date "1899-12-30"]
[Round "1.3"]
[White "Maj, Samuel"]
[Black "Grot, Blazej"]
[Result "1-0"]
[WhiteTitle "I"]
[BlackTitle "CM"]
[WhiteElo "1935"]
[BlackElo "1751"]

1. d4 Nf6 2. c4 e6 3. Nf3 d5 4. g3 Be7 5. Bg2 O-O 6. O-O c6 7. Qc2 b6 8. Nbd2 Bb7
9. e4 Na6 10. e5 Nd7 11. cxd5 Nb4 12. Qb3 cxd5 13. a3 Nc6 14. Re1 Rc8 15. Nf1
Ba6 16. Bd2 Na5 17. Qa4 Bb7 18. Bxa5 bxa5 19. Rac1 Nb6 20. Qxa5 Nc4 21. Qxd8 Rfxd8
22. Ne3 Ba8 23. Rc2 Rb8 24. Ree2 Bb7 25. Nd2 Nxe5 26. Nxd5 Nf3+ 27. Nxf3 Bxd5
28. Ne5 Bf6 29. Rc7 Bxg2 30. Kxg2 Rbc8 31. Rec2 Rxc7 32. Rxc7 h6 33. Nc6 Rd6 34.
b4 a6 35. a4 Bxd4 36. a5 Bf6 37. b5 axb5 38. a6 Bd4 39. Nxd4 Rxa6 40. Nxb5 Rb6
41. Nd4 g5 42. Nf3 Rb5 43. Nd2 Kg7 44. Ne4 Rd5 45. Kf3 Kg6 46. Ke3 h5 47. Rc8
f5 48. Nc5 Re5+ 49. Kf3 Re1 50. Rg8+ Kh6 51. Nd7 e5 52. h4 e4+ 53. Kg2 gxh4 54.
gxh4 Rd1 55. Ne5 f4 56. Rh8+ Kg7 57. Rxh5 f3+ 58. Kg3 Re1 59. Ng4 1-0

[Event "DRUZYNOWE MISTRZOSTWA POLSKI JUNIOROW - I LIGA 2022"]
[Site "Lublin"]
[Date "1899-12-30"]
[Round "1.7"]
[White "Kania, Dominik"]
[Black "Luczak, Filip"]
[Result "0-1"]
[WhiteTitle "I"]
[BlackTitle "FM"]
[WhiteElo "1872"]
[BlackElo "2311"]

1. e4 d5 2. Nc3 dxe4 3. Nxe4 Nc6 4. Nf3 e5 5. Bb5 Bd7 6. d4 f5 7. Nc3 e4 8. Bxc6
Bxc6 9. Ne5 Nf6 10. Nxc6 bxc6 11. O-O Bb4 12. f3 O-O 13. Bg5 Bxc3 14. bxc3 Qd5
15. Bxf6 Rxf6 16. fxe4 Qxe4 17. Qd3 Qd5 18. Rae1 f4 19. Qe4 Raf8 20. Qxd5+ cxd5
21. Re5 Rc6 22. Rxd5 Rxc3 23. Ra5 Rxc2 24. Rxa7 h6 25. g3 fxg3 26. Rxf8+ Kxf8
27. hxg3 Ke7 28. Ra6 Rc4 29. Ra7 Kd6 30. Ra6+ Kd5 31. Rg6 Kxd4 32. Rxg7 c5 33.
Rh7 Ra4 34. Rxh6 c4 35. Kf1 Rxa2 36. Ke1 Rg2 37. Kd1 Kc3 38. Rb6 Rg1+ 39. Ke2
Rxg3 40. Kd1 Rg1+ 41. Ke2 Kc2 42. Rc6 c3 43. Rc8 Rg7 44. Rb8 Re7+ 45. Kf2 Kc1
46. Rc8 c2 47. Rb8 Re5 48. Rc8 Rb5 49. Ke2 Kb1 50. Kd2 Rd5+ 0-1

[Event "DRUZYNOWE MISTRZOSTWA POLSKI JUNIOROW - I LIGA 2022"]
[Site "Lublin"]
[Date "1899-12-30"]
[Round "1.13"]
[White "Jedraszek, Pawel"]
[Black "Klim, Filip"]
[Result "1/2-1/2"]
[WhiteTitle "I+"]
[BlackTitle "I++"]
[WhiteElo "1933"]
[BlackElo "1975"]

1. d4 d5 2. c4 c6 3. Nf3 Nf6 4. e3 e6 5. Nbd2 Nbd7 6. Bd3 Bd6 7. O-O O-O 8. e4
e5 9. cxd5 cxd5 10. exd5 exd4 11. Ne4 Ne5 12. Nxd4 Nxe4 13. Bxe4 Qh4 14. f4 Bc5
15. g3 Qf6 16. fxe5 Qxe5 17. Bxh7+ Kh8 18. Rf4 g5 19. Re4 Qxd5 20. Qh5 Bxd4+ 21.
Kg2 Bg4 22. Qxg4 f5 23. Bxf5 Rxf5 24. Bxg5 Rxg5 25. Qf3 Rf5 26. Rh4+ Kg7 27. Qxd5
Rxd5 28. Re1 Bf6 29. Rg4+ Kf7 30. Re2 Rad8 31. Rc4 Rd2 32. Rc2 Rxe2+ 33. Rxe2
b5 34. Kf3 a5 35. Rc2 Rd5 36. Ke4 Re5+ 37. Kf4 Kg6 38. h4 Rd5 39. b3 Rd4+ 40.
Kf3 a4 41. Re2 axb3 42. axb3 Rd3+ 43. Re3 Rxe3+ 44. Kxe3 Kh5 45. Kf4 b4 46. Ke4
Kg4 47. Kd5 Kf5 48. h5 Kg4 49. Kc4 Kxh5 1/2-1/2

[Event "DRUZYNOWE MISTRZOSTWA POLSKI JUNIOROW - I LIGA 2022"]
[Site "Lublin"]
[Date "1899-12-30"]
[Round "2.9"]
[White "Wierzbicki, Dawid"]
[Black "Karwot, Marek"]
[Result "1/2-1/2"]
[WhiteTitle "I"]
[BlackTitle "II"]
[WhiteElo "1556"]
[BlackElo "1412"]

1. c4 b6 2. e3 Bb7 3. Nf3 e6 4. b3 Nf6 5. Bb2 d5 6. cxd5 exd5 7. a3 Bd6 8. d3 O-O
9. Be2 c5 10. Nbd2 Nbd7 11. O-O Re8 12. Rc1 Qe7 13. Re1 Rac8 14. Rc2 Ne5 15. Nxe5
Bxe5 16. Bxe5 Qxe5 17. Nf3 Qd6 18. Qa1 a6 19. d4 Red8 20. Rec1 Ne4 21. Ne5 f6
22. Nd3 cxd4 23. Rxc8 Rxc8 24. Rxc8+ Bxc8 25. Qxd4 Nc5 26. Nb4 Bb7 27. Qd1 a5
28. Na2 Ne6 29. b4 d4 30. exd4 Qxd4 31. Qxd4 Nxd4 32. Bc4+ Kf8 33. bxa5 bxa5 34.
f3 Ke7 35. Bd3 h6 36. Kf2 Kd6 37. Nc3 Bc6 38. Ke3 1/2-1/2

[Event "DRUZYNOWE MISTRZOSTWA POLSKI JUNIOROW - I LIGA 2022"]
[Site "Lublin"]
[Date "1899-12-30"]
[Round "2.13"]
[White "Klim, Filip"]
[Black "Szlosarczyk, Hubert"]
[Result "1/2-1/2"]
[WhiteTitle "I++"]
[BlackTitle "I"]
[WhiteElo "1975"]
[BlackElo "1654"]

1. e4 e6 2. d4 d5 3. Nc3 dxe4 4. Nxe4 Nd7 5. Nf3 Ngf6 6. Ng3 c5 7. Be2 b6 8. O-O
Bb7 9. c4 Bd6 10. d5 Bxg3 11. dxe6 Bxh2+ 12. Kxh2 Qc7+ 13. Kg1 fxe6 14. Ng5 Nf8
15. Bf3 h6 16. Nh3 Rd8 17. Qa4+ Qd7 18. Qb3 Bxf3 19. Qxf3 Ng6 20. Re1 O-O 21.
Nf4 Nxf4 22. Qxf4 Qd4 23. Qxd4 Rxd4 24. b3 Kf7 25. Be3 Rd3 26. f3 Rfd8 27. Kf2
a5 28. Ke2 e5 29. Rad1 Rxd1 30. Rxd1 Rxd1 31. Kxd1 Ke6 32. a3 Nd7 33. Kd2 Kf5
34. g4+ Ke6 35. Kd3 Nf6 36. b4 axb4 37. axb4 Kd6 38. bxc5+ bxc5 39. g5 hxg5 40.
Bxg5 e4+ 41. fxe4 Ke5 42. Bc1 Nxe4 43. Bb2+ Kf5 44. Bxg7 Nd6 45. Bf8 Nxc4 46.
Kxc4 1/2-1/2

[Event "DRUZYNOWE MISTRZOSTWA POLSKI JUNIOROW - I LIGA 2022"]
[Site "Lublin"]
[Date "1899-12-30"]
[Round "2.16"]
[White "Wajda, Krzysztof"]
[Black "Kowalski, Witold"]
[Result "1/2-1/2"]
[WhiteTitle "II"]
[BlackTitle "I"]
[WhiteElo "1522"]
[BlackElo "1673"]

1. d4 d5 2. c4 e6 3. Nf3 Nf6 4. e3 Be7 5. Nc3 O-O 6. Be2 a6 7. O-O Nbd7 8. b3 c5
9. cxd5 exd5 10. Bb2 b5 11. dxc5 Nxc5 12. Nd4 Qd7 13. Bf3 Bb7 14. Rc1 Rfd8 15.
Rc2 Rac8 16. a3 h6 17. Qe2 Rc7 18. Rfc1 Rdc8 19. h3 Nce4 20. Nxe4 dxe4 21. Bg4
Nxg4 22. Qxg4 Qxg4 23. hxg4 Rxc2 24. Rxc2 Rxc2 25. Nxc2 Kf8 26. Nd4 g6 27. Kf1
Ke8 28. Ke2 Kd7 29. f4 Kd6 30. Bc3 Kd5 31. Nc2 Bc8 32. Nb4+ Bxb4 33. Bxb4 Bxg4+
34. Kd2 h5 35. Bc3 Ke6 36. a4 bxa4 37. bxa4 f6 38. Ke1 g5 39. g3 h4 40. gxh4 gxh4
41. Kf2 Bf3 42. Kg1 Bg4 43. Kh2 1/2-1/2

[Event "DRUZYNOWE MISTRZOSTWA POLSKI JUNIOROW - I LIGA 2022"]
[Site "Lublin"]
[Date "1899-12-30"]
[Round "2.19"]
[White "Luczak, Filip"]
[Black "Jedraszek, Pawel"]
[Result "1-0"]
[WhiteTitle "FM"]
[BlackTitle "I+"]
[WhiteElo "2311"]
[BlackElo "1933"]

1. Nc3 Nf6 2. e4 d6 3. d4 g6 4. f4 Bg7 5. Nf3 O-O 6. Be2 c5 7. dxc5 Qa5 8. O-O
Qxc5+ 9. Kh1 Nc6 10. a3 Bg4 11. Qd3 Bxf3 12. Bxf3 a6 13. Be3 Qa5 14. Nd5 Nxd5
15. exd5 Nb8 16. b4 Qc7 17. Rac1 Nd7 18. c4 b6 19. Rfe1 a5 20. Re2 axb4 21. axb4
Ra4 22. Bd2 Re8 23. Rce1 Ra1 24. Rxa1 Bxa1 25. Qa3 Bg7 26. Qa4 Kf8 27. Be3 Rc8
28. h3 Qb7 29. Ra2 f5 30. Qb5 Qc7 31. Qc6 Qd8 32. Ra7 Rxc6 33. dxc6 Nb8 34. c7
Qc8 35. cxb8=Q Qxb8 36. Ra8 Qxa8 37. Bxa8 Bc3 38. b5 Ba5 39. Bd5 h6 40. Be6 1-0

[Event "DRUZYNOWE MISTRZOSTWA POLSKI JUNIOROW - I LIGA 2022"]
[Site "Lublin"]
[Date "1899-12-30"]
[Round "2.25"]
[White "Suder, Jakub"]
[Black "Kania, Dominik"]
[Result "1/2-1/2"]
[WhiteTitle "FM"]
[BlackTitle "I"]
[WhiteElo "2306"]
[BlackElo "1872"]

1. c4 d6 2. Nc3 e5 3. Nf3 f5 4. g3 Nf6 5. d4 e4 6. Nh4 c6 7. Bg5 Na6 8. Bh3 g6
9. O-O Bg7 10. f3 exf3 11. exf3 O-O 12. Qd2 Nc7 13. Rad1 Re8 14. Bh6 b5 15. cxb5
cxb5 16. Rfe1 b4 17. Rxe8+ Qxe8 18. Nb1 Bxh6 19. Qxh6 f4 20. Bg2 Qe3+ 21. Kh1
Ncd5 22. Qg5 Ba6 23. Nf5 Qe2 24. Rg1 Bd3 25. Nxd6 Qxb2 26. Qe5 Bxb1 27. gxf4 Bd3
28. f5 Qe2 29. Ne4 Bxe4 30. Qe6+ Kg7 31. fxg6 Bxf3 32. Qf7+ Kh6 33. gxh7 Bxg2+
34. Rxg2 Qf1+ 35. Rg1 Qf3+ 36. Rg2 Qf1+ 37. Rg1 Qf3+ 38. Rg2 Qf1+ 1/2-1/2

[Event "DRUZYNOWE MISTRZOSTWA POLSKI JUNIOROW - I LIGA 2022"]
[Site "Lublin"]
[Date "1899-12-30"]
[Round "3.2"]
[White "Nowak, Filip"]
[Black "Lysakowski, Kamil"]
[Result "1-0"]
[WhiteTitle "I"]
[BlackTitle "I"]
[WhiteElo "1957"]
[BlackElo "1859"]

1. e4 c5 2. Nf3 d6 3. d4 cxd4 4. Nxd4 Nf6 5. Nc3 a6 6. Be2 e5 7. Nb3 Be7 8. O-O
O-O 9. Re1 Be6 10. Bf3 Nbd7 11. a4 Rc8 12. a5 Qc7 13. Be3 h6 14. Nd2 Nh7 15. Nf1
Bg5 16. g3 Nhf6 17. h4 Bxe3 18. Nxe3 g6 19. Qd2 Rcd8 20. Red1 Nb8 21. Ned5 Bxd5
22. Nxd5 Nxd5 23. Qxd5 Qxc2 24. Qxb7 Rd7 25. Qb6 Qc6 26. Rac1 Qxb6 27. axb6 Rb7
28. Rxd6 Re8 29. Rc7 1-0

[Event "DRUZYNOWE MISTRZOSTWA POLSKI JUNIOROW - I LIGA 2022"]
[Site "Lublin"]
[Date "1899-12-30"]
[Round "3.7"]
[White "Jedraszek, Pawel"]
[Black "Suder, Jakub"]
[Result "0-1"]
[WhiteTitle "I+"]
[BlackTitle "FM"]
[WhiteElo "1933"]
[BlackElo "2306"]

1. d4 d5 2. c4 e6 3. Nf3 a6 4. g3 dxc4 5. Bg2 b5 6. Ne5 c6 7. O-O Bb7 8. b3 cxb3
9. axb3 Nf6 10. Ba3 Bxa3 11. Nxa3 O-O 12. Qd2 Qd6 13. Rfc1 Rd8 14. Qa5 Rc8 15.
e3 Nbd7 16. Nd3 Rab8 17. b4 e5 18. Nc2 Nd5 19. Nc5 Nxc5 20. bxc5 Qf6 21. Bxd5
cxd5 22. dxe5 Qe7 23. Nd4 Rxc5 24. Qb6 Rbc8 25. Rxc5 Rxc5 26. Nf5 Qc7 27. Qd6
h5 28. e6 Qxd6 29. Nxd6 Rc7 30. exf7+ Kf8 31. Nxb7 Rxb7 32. Rxa6 b4 33. Ra2 Kxf7
34. Kf1 Ke6 35. Ke2 Kd6 36. Kd3 Kc5 37. Rc2+ Kb5 38. Rc8 Ra7 39. Rb8+ Ka4 40.
Kc2 Ka3 41. Rb5 Rc7+ 42. Kb1 Rf7 43. f4 Re7 44. Kc2 Rc7+ 45. Kd3 b3 46. Rb8 Rc4
47. h3 b2 48. Ra8+ Kb3 49. Rb8+ Ka2 50. Ra8+ Kb1 51. Kd2 Rc2+ 52. Kd1 Rg2 53.
g4 hxg4 54. hxg4 Rxg4 55. Kd2 d4 56. exd4 Rxf4 57. Rb8 Rf2+ 58. Ke1 Rh2 59. Kd1
Ka2 60. Ra8+ Kb3 61. Rb8+ Kc4 62. d5 Kxd5 63. Rd8+ Ke6 64. Re8+ Kf7 65. Rb8 g5
66. Rb7+ Kg6 67. Rb6+ Kh5 68. Rb5 b1=Q+ 69. Rxb1 Rh1+ 0-1

[Event "DRUZYNOWE MISTRZOSTWA POLSKI JUNIOROW - I LIGA 2022"]
[Site "Lublin"]
[Date "1899-12-30"]
[Round "3.11"]
[White "Barwinska, Ewa"]
[Black "Uliasz, Katarzyna"]
[Result "1-0"]
[WhiteTitle "k"]
[BlackTitle "I++"]
[WhiteElo "1916"]
[BlackElo "1531"]

1. e4 e5 2. Nf3 Nc6 3. Bb5 a6 4. Ba4 Nf6 5. O-O Be7 6. Re1 b5 7. Bb3 O-O 8. h3
d6 9. c3 Na5 10. Bc2 c5 11. d4 Qc7 12. d5 Re8 13. b3 Bf8 14. Bg5 Qe7 15. Nbd2
h6 16. Be3 Bd7 17. Nf1 g6 18. Qd2 Kh7 19. Ng3 Bg7 20. Nh2 Rab8 21. f4 Ng8 22.
f5 Qh4 23. Qf2 Rec8 24. Rf1 Be8 25. Ng4 Qd8 26. Qd2 g5 27. f6 Nxf6 28. Bd1 Ng8
29. Nf5 f6 30. h4 Bg6 31. hxg5 fxg5 32. Rf3 Nf6 33. Nxf6+ Bxf6 34. Qf2 Bg7 35.
Rh3 Qf6 36. Rf3 Bxf5 37. Rxf5 Qg6 38. Bg4 Kh8 39. Rf1 Rf8 40. Qg3 Rxf5 41. Bxf5
Qh5 42. Bg4 Qg6 43. Qh3 Bf6 44. Bf5 Qg7 45. Kf2 g4 46. Qxh6+ Qxh6 47. Bxh6 c4
48. b4 Nb7 49. Rh1 Bg7 50. Bg5+ Kg8 51. Bxg4 a5 52. Be6+ Kf8 53. a3 axb4 54. axb4
Nd8 55. Bf5 Nf7 56. Be3 Ra8 57. Bd7 Ra2+ 58. Kf3 Ra3 59. Rc1 Bf6 60. Kg4 Ra2 61.
Bxb5 Re2 62. Ba7 Rxe4+ 63. Kg3 Bh4+ 64. Kh2 Bg5 65. Rc2 Nh6 66. Bd7 Ke7 67. Be6
Re1 68. Bf2 Rb1 69. Re2 Rb3 70. Be3 Bxe3 71. Rxe3 Nf7 72. Bc8 Nh6 73. Kh3 Rb1
74. Re4 Rd1 75. Rxc4 Rxd5 76. Bb7 Rd3+ 77. Kh2 Ng4+ 78. Rxg4 Rxc3 79. Bd5 Rc2
80. Rg3 Rd2 81. Bc6 Rb2 82. b5 d5 83. Rg7+ Kf6 84. Rd7 d4 85. Kg3 Kf5 86. Kf3
Rb3+ 87. Ke2 Kf4 88. Rf7+ Kg5 89. Kd2 Kg6 90. Rf8 Kg5 91. Kc2 Rc3+ 92. Kb2 Rc5
93. Rf3 e4 94. Bxe4 Rxb5+ 95. Kc2 Kg4 96. Kd3 Rb4 97. Rf8 Kg3 98. Rd8 Rb1 99.
Rxd4 Ra1 100. Ke2 Ra2+ 101. Rd2 Ra7 102. Rd3+ Kf4 103. Bf3 Ra2+ 104. Rd2 Ra7 105.
Kf2 Ra3 106. g3+ Kg5 107. Rd5+ Kg6 108. g4 Ra4 109. Kg3 Ra3 110. Kf4 Ra4+ 111.
Be4+ Kg7 112. Rd6 Ra1 113. Kg5 Rg1 114. Bf5 Rh1 115. Rd7+ Kf8 116. Kg6 Ra1 117.
Kf6 Ra8 118. g5 Kg8 119. g6 Kh8 120. Rh7+ 1-0

[Event "DRUZYNOWE MISTRZOSTWA POLSKI JUNIOROW - I LIGA 2022"]
[Site "Lublin"]
[Date "1899-12-30"]
[Round "3.13"]
[White "Szlosarczyk, Hubert"]
[Black "Luczak, Filip"]
[Result "0-1"]
[WhiteTitle "I"]
[BlackTitle "FM"]
[WhiteElo "1654"]
[BlackElo "2311"]

1. d4 g6 2. c4 Bg7 3. Nc3 d6 4. e4 e5 5. d5 f5 6. Qc2 Nf6 7. Bd3 Qd7 8. f3 Na6
9. Qe2 O-O 10. Be3 Nc5 11. Bxc5 dxc5 12. O-O-O Ne8 13. Nh3 Nd6 14. Nf2 a6 15.
Qc2 b5 16. Nb1 Bh6+ 17. Nd2 Be3 18. Nh3 bxc4 19. Bxc4 fxe4 20. fxe4 Qg4 21. Rhe1
Bh6 22. Bf1 Rb8 23. Kb1 Bxd2 24. Qxd2 Nxe4 25. Qc2 Bf5 26. Bd3 Nd6 27. Bxf5 Rxf5
28. Rc1 c4 29. Qe2 Qd4 30. Red1 Qb6 31. Rd2 e4 32. Ka1 Qa5 33. Nf2 Rxd5 34. Rxd5
Qxd5 35. Ng4 Qd4 36. Ne3 Kg7 37. a3 Rb3 38. Nxc4 Rd3 39. Nxd6 cxd6 40. Rc2 Rxa3+
41. Kb1 Rd3 42. Rc7+ Kh6 43. Qc2 Rd1+ 44. Ka2 Qd5+ 45. Ka3 Ra1+ 46. Kb4 Qa5+ 47.
Kb3 Qb6+ 0-1

[Event "DRUZYNOWE MISTRZOSTWA POLSKI JUNIOROW - I LIGA 2022"]
[Site "Lublin"]
[Date "1899-12-30"]
[Round "3.15"]
[White "Duda, Szymon"]
[Black "Cieslak, Patryk"]
[Result "0-1"]
[WhiteTitle "I"]
[BlackTitle "I++"]
[WhiteElo "1587"]
[BlackElo "1984"]

1. d4 Nf6 2. c4 d6 3. Nf3 g6 4. g3 Bg7 5. Bg2 O-O 6. O-O Nc6 7. d5 Na5 8. Na3 c5
9. Re1 Ne4 10. Qc2 Nf6 11. e4 Bg4 12. Bd2 a6 13. h3 Bd7 14. e5 Ne8 15. Rad1 b5
16. e6 fxe6 17. dxe6 Bc6 18. Ng5 b4 19. Nb1 Qc8 20. h4 Bxg2 21. Kxg2 Qb7+ 22.
Kg1 Nc6 23. Qe4 Nf6 24. Qg2 Ng4 25. Nf7 Qc8 26. h5 Nce5 27. hxg6 hxg6 28. Qh3
Nxf7 29. exf7+ Rxf7 30. Re2 Bxb2 31. Rde1 Ne5 32. Qxc8+ Rxc8 33. Kg2 Nxc4 34.
Rxe7 Nxd2 35. Nxd2 Bc3 36. Re8+ Rf8 37. Rxf8+ Rxf8 38. Rd1 Bxd2 39. Rxd2 Rd8 40.
Kf3 Kf7 41. Kf4 Kf6 42. g4 g5+ 43. Kg3 d5 44. f4 c4 45. Rh2 d4 46. fxg5+ Kg7 47.
Kf4 d3 48. Ke3 c3 49. Rh1 d2 50. Ke2 c2 51. Rd1 Kg8 52. Rxd2 Re8+ 53. Kd3 c1=Q
0-1

[Event "DRUZYNOWE MISTRZOSTWA POLSKI JUNIOROW - I LIGA 2022"]
[Site "Lublin"]
[Date "1899-12-30"]
[Round "3.17"]
[White "Czarnecka, Lidia"]
[Black "Hertlein, Irena"]
[Result "1-0"]
[WhiteTitle "k"]
[BlackTitle "k"]
[WhiteElo "1940"]
[BlackElo "1864"]

1. e4 c5 2. Nf3 a6 3. c4 b6 4. Nc3 Bb7 5. d4 cxd4 6. Nxd4 e6 7. Be3 Qc7 8. Be2
Nf6 9. f3 Be7 10. O-O O-O 11. Rc1 d6 12. Qe1 Nbd7 13. Qf2 Rac8 14. Rfd1 Qb8 15.
Nc2 Bd8 16. Nb4 Bc7 17. g3 Rfe8 18. Bd4 Bd8 19. b3 Be7 20. Nd3 Ba8 21. Nb2 d5
22. cxd5 exd5 23. Bxa6 dxe4 24. Bxc8 Rxc8 25. Nxe4 Nxe4 26. fxe4 Nc5 27. Qf4 Qb7
28. Qg4 Bf8 29. Na4 Ne6 30. Be3 Rxc1 31. Rxc1 h5 32. Qf3 Bc5 33. Nxc5 bxc5 34.
Rc4 Qd7 35. Kf2 h4 36. Bxc5 hxg3+ 37. hxg3 Ng5 38. Qe3 Qg4 39. Bd6 Nxe4+ 40. Ke1
Qe6 41. Bf4 Qh3 42. Qg1 Qe6 43. Kd1 Bd5 44. Rc2 Qf6 45. Ke2 Nc3+ 46. Ke1 Ne4 47.
Qe3 Qa1+ 48. Ke2 Qh1 49. b4 Qg2+ 50. Kd3 Qf1+ 51. Qe2 Qb1 52. Kd4 Nf6 53. Kc5
Be4 54. Rc1 Nd7+ 55. Kd4 Qxb4+ 56. Rc4 Bf3 57. Qe8+ Qf8 58. Rc8 Qxe8 59. Rxe8+
Kh7 60. a4 Kg6 61. a5 Kf6 62. Bc7 g5 63. a6 Kf5 64. a7 Kg4 65. a8=Q Bxa8 66. Rxa8
f5 67. Ke3 Nf6 68. Ra5 1-0

[Event "DRUZYNOWE MISTRZOSTWA POLSKI JUNIOROW - I LIGA 2022"]
[Site "Lublin"]
[Date "1899-12-30"]
[Round "4.2"]
[White "Jendrowiak, Maciej"]
[Black "Nowak, Filip"]
[Result "1/2-1/2"]
[WhiteTitle "I"]
[BlackTitle "I"]
[WhiteElo "1713"]
[BlackElo "1957"]

1. e4 c5 2. c3 Nf6 3. e5 Nd5 4. Nf3 Nc6 5. Bc4 Nb6 6. Bb3 e6 7. d4 cxd4 8. cxd4
d6 9. Bg5 Be7 10. Bxe7 Qxe7 11. Nc3 O-O 12. O-O dxe5 13. dxe5 Nd7 14. Qe2 Nc5
15. Bc2 b6 16. Rfd1 Ba6 17. Qe3 Nb4 18. Bb1 Rfd8 19. Nd4 Rac8 20. a3 Nd5 21. Nxd5
Rxd5 22. b4 Na4 23. Be4 Rd7 24. Nc6 Rxd1+ 25. Rxd1 Qc7 26. Qd4 g6 27. Qd7 Qxd7
28. Rxd7 Bb5 29. Ne7+ Kf8 30. Nxc8 Bxd7 31. Nxa7 Nc3 32. Bb7 Ne2+ 33. Kf1 Nd4
34. Nc8 Bxc8 35. Bxc8 Ke7 36. Bb7 Nc2 37. Ke2 Nxa3 38. Kd3 Nb5 39. Kc4 Nc7 40.
f4 h5 41. g3 Kd8 42. Kd4 Ke7 1/2-1/2

[Event "DRUZYNOWE MISTRZOSTWA POLSKI JUNIOROW - I LIGA 2022"]
[Site "Lublin"]
[Date "1899-12-30"]
[Round "4.3"]
[White "Grot, Blazej"]
[Black "Wierzbicki, Dawid"]
[Result "1-0"]
[WhiteTitle "CM"]
[BlackTitle "I"]
[WhiteElo "1751"]
[BlackElo "1556"]

1. e4 c5 2. Nf3 e6 3. d4 cxd4 4. Nxd4 a6 5. Bd3 Nf6 6. Qe2 d6 7. c4 b6 8. Nc3 Bb7
9. f4 Nbd7 10. O-O Be7 11. b4 Qc8 12. Bd2 h5 13. Rae1 g6 14. Nd5 exd5 15. exd5
Ng8 16. f5 Ne5 17. fxg6 fxg6 18. Bf4 Qg4 19. Bxe5 Qxe2 20. Rxe2 dxe5 21. Bxg6+
Kd8 22. Ne6+ Kc8 23. d6 Bxd6 24. Rd2 Ne7 25. Rxd6 Nxg6 26. Rf7 Nf4 27. Nxf4 exf4
28. Rxb6 Rb8 29. Rxf4 Rd8 30. c5 Ba8 31. Rxa6 Kd7 32. Rd4+ Ke7 33. Rxd8 Rxd8 34.
c6 Kd6 35. a4 Rf8 36. b5 Kc7 37. Ra7+ Kb6 38. Rh7 Ka5 39. Rxh5 Kxa4 40. h4 Rf4
41. Rh8 Kxb5 42. Rxa8 Kxc6 43. g3 Rb4 44. Kg2 Kd6 45. Re8 1-0

[Event "DRUZYNOWE MISTRZOSTWA POLSKI JUNIOROW - I LIGA 2022"]
[Site "Lublin"]
[Date "1899-12-30"]
[Round "4.13"]
[White "Luczak, Filip"]
[Black "Panek, Bartosz"]
[Result "1-0"]
[WhiteTitle "FM"]
[BlackTitle "I++"]
[WhiteElo "2311"]
[BlackElo "2022"]

1. g3 Nf6 2. Bg2 g6 3. e4 d6 4. Ne2 Bg7 5. O-O c5 6. c3 O-O 7. d4 Nbd7 8. h3 Rb8
9. Be3 Qc7 10. Nd2 b5 11. b4 Bb7 12. bxc5 dxc5 13. d5 Ne8 14. f4 Nd6 15. Bf2 Nb6
16. Nb3 Na4 17. Qc2 Nc4 18. Rad1 Rfd8 19. Nd2 Nab6 20. Nxc4 Nxc4 21. Nc1 b4 22.
Nb3 Bxc3 23. Nxc5 Rdc8 24. e5 Qa5 25. Nxb7 Rxb7 26. d6 Rd7 27. dxe7 Rxe7 28. Rd5
Qa3 29. Rfd1 Kg7 30. Qb3 Qxb3 31. axb3 Nb2 32. Ra1 Rcc7 33. Ra6 f6 34. Rxf6 Na4
35. bxa4 b3 36. Rb5 b2 37. Rc6 Red7 38. Rxc3 Rxc3 39. Rxb2 Ra3 40. Kh2 Rc7 41.
g4 Rxa4 42. f5 gxf5 43. gxf5 Ra5 44. Bg3 1-0

[Event "DRUZYNOWE MISTRZOSTWA POLSKI JUNIOROW - I LIGA 2022"]
[Site "Lublin"]
[Date "1899-12-30"]
[Round "4.14"]
[White "Kubik, Rafal"]
[Black "Bachor, Tomasz"]
[Result "1/2-1/2"]
[WhiteTitle "I++"]
[BlackTitle "k"]
[WhiteElo "1827"]
[BlackElo "1971"]

1. e4 c5 2. c3 g6 3. d4 cxd4 4. cxd4 d5 5. e5 a6 6. h3 Bg7 7. Nf3 Nc6 8. Nc3 f6
9. Bf4 fxe5 10. dxe5 e6 11. Bd3 Nge7 12. Qd2 Qc7 13. Rc1 Bd7 14. Ne2 Qa5 15. Qxa5
Nxa5 16. Ned4 Nec6 17. Ke2 O-O 18. g3 Rac8 19. a3 Nxd4+ 20. Nxd4 g5 21. Rxc8 Rxc8
22. Bxg5 Bxe5 23. Be3 Nc4 24. f4 Bf6 25. Bxc4 Rxc4 26. Kd3 Be8 27. g4 Bg6+ 28.
f5 exf5 29. gxf5 Bxd4 30. Bxd4 Bxf5+ 31. Ke3 Kf7 32. Rg1 Bg6 33. h4 Rc2 34. h5
Bxh5 35. Rg7+ Ke6 36. Rxh7 Re2+ 37. Kd3 Bg6+ 38. Kxe2 Bxh7 39. Kd2 Kd6 40. Kc3
Kc6 41. Kb4 b6 42. Be3 Bd3 43. Bd4 Be2 44. Be3 a5+ 45. Kc3 b5 46. Bd4 Bf1 47.
Bf6 Kd6 48. Bd8 b4+ 49. axb4 axb4+ 50. Kxb4 d4 51. Bf6 Kd5 52. Bxd4 Kxd4 1/2-1/2

[Event "DRUZYNOWE MISTRZOSTWA POLSKI JUNIOROW - I LIGA 2022"]
[Site "Lublin"]
[Date "1899-12-30"]
[Round "4.19"]
[White "Suder, Jakub"]
[Black "Szlosarczyk, Hubert"]
[Result "1-0"]
[WhiteTitle "FM"]
[BlackTitle "I"]
[WhiteElo "2306"]
[BlackElo "1654"]

1. e4 e6 2. d4 d5 3. Nd2 dxe4 4. Nxe4 Nd7 5. Nf3 Ngf6 6. Nxf6+ Nxf6 7. Bd3 Be7
8. O-O O-O 9. c3 b6 10. Qe2 Bb7 11. Bf4 c5 12. dxc5 Bxc5 13. Rad1 Qc8 14. Ne5
Rd8 15. Rfe1 a5 16. a3 Be7 17. Qe3 Nd5 18. Qh3 f5 19. Bd2 Bf6 20. Nf3 Re8 21.
Qg3 Qc7 22. Bc2 Qxg3 23. hxg3 Rad8 24. Bc1 Bc6 25. Nd4 Bxd4 26. Rxd4 e5 27. Rdd1
e4 28. Rd4 Rd7 29. Red1 Red8 30. g4 fxg4 31. Bxe4 Ne7 32. Rxd7 Rxd7 33. Rxd7 Bxd7
34. Kh2 Nf5 35. c4 Be6 36. Bf4 Nd4 37. Be3 Nb3 38. Bxb6 Bxc4 39. Kg3 Be6 40. Bc2
Kf7 41. Kf4 g6 42. Ke5 a4 43. Be3 Ke7 44. Bd3 Na5 45. Bg5+ Kf7 46. Kd4 Nb3+ 47.
Kc3 Nc5 48. Bc2 Bf5 49. Bxf5 gxf5 50. Kb4 Nd3+ 51. Kxa4 Nxb2+ 52. Kb5 Ke6 53.
a4 Kd7 54. a5 Kc7 55. Be3 h5 56. g3 Nd3 57. Kc4 Ne1 58. Kd5 Nf3 59. Ke6 h4 60.
gxh4 Nxh4 61. Bf4+ Kc6 62. Bg3 Ng2 63. Kxf5 Ne1 64. Kxg4 Nd3 65. f3 Kb5 66. Kf5
Kxa5 67. Ke4 Nc5+ 68. Kd5 Nd7 69. Kd6 Nb6 70. f4 Nc4+ 71. Ke6 Ne3 72. Bf2 Ng4
73. Bd4 Kb5 74. Kf5 Nh6+ 75. Kg6 Ng8 76. Bf6 1-0

[Event "DRUZYNOWE MISTRZOSTWA POLSKI JUNIOROW - I LIGA 2022"]
[Site "Lublin"]
[Date "1899-12-30"]
[Round "4.20"]
[White "Kozlowski, Franciszek"]
[Black "Dziewonski, Dariusz"]
[Result "1/2-1/2"]
[WhiteTitle "I"]
[BlackTitle "I++"]
[WhiteElo "1663"]
[BlackElo "2015"]

1. d4 d5 2. c4 e6 3. Nf3 Nf6 4. g3 Be7 5. Bg2 O-O 6. O-O dxc4 7. Qc2 a6 8. a4 Bd7
9. Ne5 Bc6 10. Nxc6 Nxc6 11. e3 Na5 12. Nd2 c6 13. Nxc4 Nxc4 14. Qxc4 a5 15. Bd2
Qb6 16. b3 Rfd8 17. Bc3 Rac8 18. Rac1 Ba3 19. Ra1 Be7 20. Rac1 h6 21. Rfd1 Ba3
22. Ra1 Be7 23. Rac1 Nd5 24. Bb2 Kh7 25. h4 h5 26. Kh1 g6 27. Kg1 Kg8 28. Kh1
Bf6 29. Ba3 Be7 30. Bb2 Qb4 31. Bxd5 exd5 32. Qxb4 axb4 33. Rc2 Kf8 34. Ra1 Ra8
35. Re1 f5 36. f3 Bd6 37. Kg2 Rdc8 38. e4 fxe4 39. fxe4 dxe4 40. Rxe4 Re8 41.
Rf2+ Kg8 42. Rfe2 Rxe4 43. Rxe4 Kf7 44. Kf3 Re8 45. Rxe8 Kxe8 46. Bc1 Kf7 47.
Bf4 Be7 48. Ke4 Ke6 49. Be3 Bd6 50. Bf2 Bc7 51. Be1 Bd6 52. Bf2 Bc7 1/2-1/2